Data envelopment analysis ako nástroj merania a hodnotenia výkonnosti
Guardado en:
| Autor principal: | |
|---|---|
| Formato: | Capítulo de libro |
| Lenguaje: | eslovaco |
| Etiquetas: |
Sin Etiquetas, Sea el primero en etiquetar este registro!
|
MARC
| LEADER | 00000nla a2200000 4500 | ||
|---|---|---|---|
| 001 | 0239250 | ||
| 005 | 20240531122802.3 | ||
| 041 | 0 | |a slo | |
| 044 | |a SK | ||
| 245 | 1 | 0 | |a Data envelopment analysis ako nástroj merania a hodnotenia výkonnosti |c František Hurný |
| 500 | |a Abstrakt | ||
| 100 | 1 | |a Hurný, František | |